000 00657nam a2200253Ia 4500
003 OSt
005 20221005025016.0
006 a|||||r|||| 00| 0
007 ta
008 221004b |||||||| |||| 00| 0 eng d
020 _a8185301166
024 _a24396
037 _cTextual
040 _aCRL
_cCRL
_beng
041 _2eng
_aeng
082 _aDelta2:3, N5
100 _aVivekananda
_939405
245 0 _aKarma yoga
_b The yoga of action
260 _aCalcutta
_bAdvaita Ashrama India
_c1995
300 _a131p.
_ccm.
650 _aSPIRITUALISM
942 _hDelta2:3, N5
_cTEXL
_2cc
999 _c933974
_d933974